000 00651cam a22002293a 4500
001 44963
003 PGUSA
005 20140828084027.0
008 140219s2014||||xxu|||||s|||||000 | eng d
040 _aPGUSA
_beng
042 _adc
100 1 _aBesant, Walter,
_d1836-1901
245 1 0 _aFor Faith and Freedom
_h[electronic resource] /
_cWalter Besant
260 _bProject Gutenberg,
_c2014
506 _aPublic domain in the USA.
516 _aElectronic text
700 1 _aForestier, A.
_q(Amédée),
_d1854-1930
700 1 _aWaddy, F.
830 0 _aProject Gutenberg
_v44963
856 4 0 _uhttp://www.gutenberg.org/ebooks/44963
942 _cEB
999 _c274214
_d274214